000 00576nam a22001937a 4500
003 DO-SdBNP
005 20211122103949.0
007 ta
008 211119b2021 dr a|||| |||| 00| 0 spa d
020 _a9789945098884
040 _aDO-SdBNP
_bspa
_cBNPHU
100 1 _aMarine Olivo, Juan Carlos
_980684
245 1 0 _aFísica Cuántica fundamentos y aplicaciones /
_cJuan Carlos Marine Olivo.
260 _aSanto Domingo :
_bUniversitaria,
_c2021.
300 _a376 p. :
_bil. ;
_c27 cm.
590 _aInventariado, 2021 /LP
910 _aLopérez
942 _2ddc
_cLBS1
999 _c51006
_d51006